00828nam a2200205 a 450000100100000000500170001000800410002702000150006804000250008308200140010810000350012224501530015726000340031030000210034470000340036570000470039970000470044695201120049399900170060500003658320200930075818.0120120s2000 sp 000 0 spa d a8448126181 aDO-SdBNPbspacBNPHU axxxxbE741 aEscrivá Monzó, Joan96285110aMarketing en el punto de venta. /cJoan Escrivá Monzó, Federico Clar Bononad; coordinadores Antonio Miralles Gascó, Ricardo Almenar Peñalva. aMadrid :bMcGraw Hill,c2000. a206 p. ;c28 cm.1 aClar Bononad, Federico9628521 aMiralles Gascó, Antonio ,ecoord.9628531 aAlmenar Peñalva, Ricardo,ecoord.962854 001050718MOaGRbGRcCTd2012-01-20iLF1l0oxxxx E74p36583-10r2020-06-25w2020-06-25y1ZNo se presta c36074d36074